<?xml version="1.0" encoding="UTF-8"?>
<record
    xmlns:xsi="http://www.w3.org/2001/XMLSchema-instance"
    xsi:schemaLocation="http://www.loc.gov/MARC21/slim http://www.loc.gov/standards/marcxml/schema/MARC21slim.xsd"
    xmlns="http://www.loc.gov/MARC21/slim">

  <leader>00556nam a22001577a 4500</leader>
  <controlfield tag="003">OSt</controlfield>
  <controlfield tag="005">20151104162220.0</controlfield>
  <controlfield tag="008">151104b        xxu||||| |||| 00| 0 eng d</controlfield>
  <datafield tag="040" ind1=" " ind2=" ">
    <subfield code="c">RUA</subfield>
  </datafield>
  <datafield tag="082" ind1=" " ind2=" ">
    <subfield code="a">FOR &#x179F;&#x17C6; 1994 B119 Or.1</subfield>
  </datafield>
  <datafield tag="100" ind1=" " ind2=" ">
    <subfield code="9">3375</subfield>
    <subfield code="a">&#x179F;&#x17C6; &#x17A0;&#x17B6;&#x1793;</subfield>
  </datafield>
  <datafield tag="245" ind1=" " ind2=" ">
    <subfield code="a">&#x179C;&#x17B6;&#x1799;&#x178F;&#x1798;&#x17D2;&#x179B;&#x17C3; &#x179B;&#x17BE;&#x179B;&#x1791;&#x17D2;&#x1792;&#x1795;&#x179B;&#x1780;&#x179F;&#x17B7;-&#x179A;&#x17BB;&#x1780;&#x17D2;&#x1781;&#x1780;&#x1798;&#x17D2;&#x1798;&#x179A;&#x1799;&#x17C8;&#x1796;&#x17C1;&#x179B;&#x1781;&#x17D2;&#x179B;&#x17B8; &#x1793;&#x17C5;&#x179F;&#x17D2;&#x1790;&#x17B6;&#x1793;&#x17B8;&#x1799;&#x17CD;&#x178A;&#x17C6;&#x17B6;&#x1788;&#x17BE;&#x1780;&#x17C6;&#x1785;&#x17B6;&#x1799;&#x1798;&#x17B6;&#x179A;;</subfield>
  </datafield>
  <datafield tag="260" ind1=" " ind2=" ">
    <subfield code="a">Phnom Penh </subfield>
    <subfield code="b">RUA </subfield>
    <subfield code="c">1994 </subfield>
  </datafield>
  <datafield tag="300" ind1=" " ind2=" ">
    <subfield code="a">67p.</subfield>
    <subfield code="b">ill.</subfield>
    <subfield code="c">29cm.</subfield>
  </datafield>
  <datafield tag="942" ind1=" " ind2=" ">
    <subfield code="2">ddc</subfield>
    <subfield code="c">FOR</subfield>
  </datafield>
  <datafield tag="999" ind1=" " ind2=" ">
    <subfield code="c">3148</subfield>
    <subfield code="d">3148</subfield>
  </datafield>
  <datafield tag="952" ind1=" " ind2=" ">
    <subfield code="0">0</subfield>
    <subfield code="1">0</subfield>
    <subfield code="2">ddc</subfield>
    <subfield code="4">0</subfield>
    <subfield code="6">FOR_&#x179F;&#x17C6;_1994_000000000000000_B119_OR_1</subfield>
    <subfield code="7">0</subfield>
    <subfield code="9">14805</subfield>
    <subfield code="a">LBB</subfield>
    <subfield code="b">LBB</subfield>
    <subfield code="c">B119</subfield>
    <subfield code="d">2015-11-04</subfield>
    <subfield code="o">FOR &#x179F;&#x17C6; 1994 B119 Or.1</subfield>
    <subfield code="p">RUA010688</subfield>
    <subfield code="r">2015-11-04</subfield>
    <subfield code="w">2015-11-04</subfield>
    <subfield code="y">FOR</subfield>
  </datafield>
  <datafield tag="952" ind1=" " ind2=" ">
    <subfield code="0">0</subfield>
    <subfield code="1">0</subfield>
    <subfield code="2">ddc</subfield>
    <subfield code="4">0</subfield>
    <subfield code="6">FOR_&#x179F;&#x17C6;_1994_000000000000000_B119_OR_2</subfield>
    <subfield code="7">0</subfield>
    <subfield code="9">14806</subfield>
    <subfield code="a">LBB</subfield>
    <subfield code="b">LBB</subfield>
    <subfield code="c">B119</subfield>
    <subfield code="d">2015-11-04</subfield>
    <subfield code="l">1</subfield>
    <subfield code="o">FOR &#x179F;&#x17C6; 1994 B119 Or.2</subfield>
    <subfield code="p">RUA010760</subfield>
    <subfield code="r">2018-03-07</subfield>
    <subfield code="s">2018-03-06</subfield>
    <subfield code="w">2015-11-04</subfield>
    <subfield code="y">FOR</subfield>
  </datafield>
</record>
